Mountain Trivia - Statistics

General Stats
  • This quiz has been taken 29 times
  • The average score is 7 of 20
Answer Stats
Hint Answer % Correct
Which of these is the highest mountain in the African continent? Kilimanjaro
100%
Which of these is the tallest mountain on Earth? Everest
77%
Which of these caused the destruction of an ancient city? Vesuvius
65%
Which of these is mentioned in the Bible? Ararat
58%
Which of these has a name that comes from a Celtic language? Ben Nevis
46%
Which of these is in a German-speaking country? Zugspitze
46%
Which of these mountains' peaks is the furthest point from the center of the Earth? Chimborazo
42%
Which of these has been ascended in the Tour de France the most times? Col du Tourmalet
38%
Which of these is the highest mountain in the Pyrenees? Aneto
31%
Which of these is in a territory that forbids women from entering? Athos
27%
Which of these mountains is technically disputed between two countries (at least its peak)? Blanc
27%
Which of these was wrongly thought to be the highest mountain on Earth until the 1800s? Kangchenjunga
27%
Which of these is listed as a UNESCO World Heritage Site? Fuji
23%
Which of these mountains is the southernmost located one? Table
23%
Which of these is the tallest mountain in the Iberian Peninsula? Mulhacén
19%
Which of these is the largest volcano in the EU? Teide
15%
Which of these is also called 'Carstensz Pyramid'? Puncak Jaya
12%
Which of these gave its name to a city? Royal
12%
Which of these mountains is the smallest one that is the tallest peak of a country? Vaalserberg
12%
Which of these is the highest peak in undisputed land of the United Kingdom? Paget
4%
No matching quizzes found
Score Distribution
Percent of People with Each Score
Percentile by Number Answered
Your Score History
You have not taken this quiz